000 04448cam a22012974i 4500
003 PE-LiUPU
005 20250813185537.0
008 150625s r 000 0 d
020 _a9789972615467
035 _a(Sirsi) i9789972615467
040 _aPE-LiUPU
_bspa
_cPE-LiUPU
_erda
049 _aPRUA
082 0 4 _a370.7
_bA1
_221
245 0 0 _aAnálisis de programas, procesos y resultados educativos en el Perú :
_bcontribuciones empíricas para el debate /
_cLiliana miranda, Lorena Alcázar, Juan José Diaz .. [et al.] ; Martín Benavides, editor.
264 1 _aLima :
_bGRADE,
_c2008.
300 _a406 páginas :
_bilustraciones ;
_c22 centímetros
336 _atext
_2rdacontent
337 _aunmediated
_2rdamedia
338 _avolume
_2rdacarrier
504 _aIncluye bibliografía.
505 0 _aFactores asociados al rendimiento escolar y sus implicancias para la política educativa del Perú. -Asistencia y deserción en escuelas secundarias rurales del Perú. -Educación superior en el Perú: tendencias de la demanda y la oferta. -Formando futuros maestros: observando las aulas de institutos superiores pedagógicos públicos. -"Aquí hay que hacerse respetar" mujeres, entre tuercas y metales. Una mirada desde las estudiantes de las facultades de Ingeniería de la Pontificia Universidad Católica del Perú. -En su nombre hemos estudiado. El proceso de estudios universitarios de los jóvenes indígenas amazónicos en la UNMSM, 1999-2006. -Dignóstico de los organismos intermedios del sistema educativo peruano: un estudio de casos de las Unidades de Gestión educativa local -UGEL. -La gestión escolar en el marco de la autonomía: una mirada desde el cotidiano a cinco instituciones educativas estatales de Lima. -Jugar en serio. Transgresión, humillación y violencia en la escuela primaria. -Construyendo equidad y democracia en la escuela: evaluación de dos modelos de intervención educativa en Lima y Cusco.
526 _aP202
526 _aP201
526 _aP163
526 _aP162
526 _aP161
526 _aP160
526 _aP148
526 _aP147
526 _aP146
526 _aP145
526 _aP144
526 _aP143
526 _aP142
526 _aP141
526 _aP140
526 _aP139
526 _aP138
526 _aP137
526 _aP136
526 _aP135
526 _aP134
526 _aP133
526 _aP129
526 _aP128
526 _aP127
526 _aP120
526 _aP119
526 _aP118
526 _aP116
526 _aP115
526 _aP114
526 _aP110
526 _aP109
526 _aP108
526 _aP104
526 _aP103
526 _aP102
526 _aP99
526 _aP98
526 _aP97
526 _aP96
526 _aP95
526 _aP93
526 _aP90
526 _aP89
526 _aP88
526 _aP83
526 _aP82
526 _aP62
526 _aP59
526 _aP58
526 _aP57
526 _aP51
526 _aP49
526 _aP48
526 _aP47
526 _aP29
526 _aP24
526 _aP20
526 _aP19
526 _aP17
526 _aP15
526 _aP14
526 _aP12
526 _aP10
526 _aP09
526 _aP08
526 _aP07
526 _aP06
526 _aP05
526 _aP04
526 _aP01
650 1 4 _aCalidad de la educación
_zPerú.
650 2 4 _aEducación pública
_zPerú
_vEvaluación.
650 2 4 _aEducación pública
_zPerú.
650 2 4 _aEducadores
_xFormación profesional
_zPerú.
650 2 4 _aRendimiento escolar
_zPerú.
700 1 _aAlcázar, Lorena1963-
700 1 _aBenavides, Martín.
700 1 _aDíaz, Juan José
700 1 _aMiranda, Liliana
710 2 _aGrupo de Análisis para el Desarrollo (Lima)
910 _agl
_bjv
_clch
_d20081118
942 _2ddc
_cBOOK
949 _a370.7 A1
_wDEWEY
_c1
_i58731
_lCCODEBUL1
_mBUL
_p25.00
_r0
_sY
_tBOOK
_u2015-6-25
_xEDUCACION
_zUNKNOWN
_0COMPRA
_o.STAFF. Colección General
994 _aC0
_bPEPRU
596 _a1
999 _a370.7 A1
_wDEWEY
_c47605
_i58731
_f2021-11-5
_g5
_lCCODEBUL1
_mBUL
_p25.00
_r0
_sY
_tBOOK
_u2015-6-25
_xBIBLIOTECA
_zUNKNOWN
_0COMPRA
_o.STAFF. Colección General
_d47605
980 _81
_gALBERTO SANCHEZ Responsable de Automatización